| 000 | 00683nam a22002057a 4500 | ||
|---|---|---|---|
| 005 | 20180607122050.0 | ||
| 010 | _aENG-122822-23 | ||
| 020 |
_a9789386643711 (set ) _c2890.00 (set of 2 Vol) |
||
| 035 | _aEN-106354-55 | ||
| 037 | _bDBAD/PUB. | ||
| 082 | _a343.94055 | ||
| 100 | _aGarg, Rakesh | ||
| 245 |
_aGST guide with ready reckoner / _cby Rakesh garg [and] Sandeep garg |
||
| 250 | _a3rd edn. | ||
| 260 |
_aNew Delhi _bBloomsbury _c2017 |
||
| 270 |
_a2nd Floor, Building No.4, DDA Complex LSC, Pocket-C-6&&, Vasant Kunj, _bNew Delhi _e110070 |
||
| 300 | v |
_a2 v. (2014p.) _c24cm(pbk) _bill. |
|
| 700 | _aGarg, Sandeep | ||
| 942 |
_2ddc _cEN _mGAR _h343.94055 |
||
| 999 |
_c151796 _d151796 |
||